تعليم مهارة القراءة للطلاب الماليزيين فى الجامعة الاسلامية العالمية بماليزيا /
Saved in:
| 主要作者: | |
|---|---|
| 其他作者: | |
| 格式: | Thesis |
| 語言: | Arabic |
| 出版: |
Khartum :
Jami'at al-Duwal al-'Arabiyah,
1991
|
| 主題: | |
| 標簽: |
添加標簽
沒有標簽, 成為第一個標記此記錄!
|
| LEADER | 014330000a22003250004500 | ||
|---|---|---|---|
| 001 | 189372 | ||
| 005 | 20230420101750.0 | ||
| 008 | 031231s1991 sj g ara d | ||
| 035 | |a (Sirsi) 189372 | ||
| 040 | |a UIAM |b eng | ||
| 041 | 0 | |a ara | |
| 050 | 0 | 0 | |a PJ6119 |
| 100 | 1 | |a مهدى بن مسعود |9 37298 | |
| 242 | 1 | 0 | |a Ta'lim maharat al-qira'ah lil-tullab al-Maliziyin fi al-Jami'ah al-Islamiyah bi-Maliziya |
| 245 | 1 | 0 | |a تعليم مهارة القراءة للطلاب الماليزيين فى الجامعة الاسلامية العالمية بماليزيا / |c اعداد مهدى بن مسعود |
| 260 | |a Khartum : |b Jami'at al-Duwal al-'Arabiyah, |c 1991 | ||
| 300 | |a 108 p. ; |c 30 cm. | ||
| 336 | |2 rdacontent | ||
| 337 | |2 rdamedia | ||
| 338 | |2 rdacarrier | ||
| 500 | |a "بحث تكميلى للحصول على درجة الماجستير فى تعليم اللغة العربية لغير الناطقين بها" | ||
| 502 | |a Thesis (Master) -- Ma'had al-Khartum al-Duwali lil-Lughah al-'Arabiyah | ||
| 650 | 0 | |a Arabic language |x Study and teaching (Higher) |z Malaysia |9 10714 | |
| 650 | 0 | |a Arabic language |x Readers |9 15586 | |
| 655 | 0 | 7 | |a Theses, non-IIUM |
| 700 | 1 | 0 | |a Mahadi bin Mas'ud |9 113754 |
| 900 | |a ami | ||
| 942 | |2 lcc |n 0 | ||
| 999 | |c 431405 |d 462896 | ||
| 952 | |0 0 |6 T PJ 006119 M214T 1991 |7 0 |8 THESES |9 751186 |a IIUM |b IIUM |c MULTIMEDIA |g 0.00 |o t PJ6119M214T 1991 |p 00000616421 |r 2017-10-20 |t 1 |v 0.00 |y THESIS | ||
